|
|
|
|
| LEADER |
00809nam a2200193 a 4500 |
| 003 |
GR-PaULI |
| 005 |
20221215133921.0 |
| 008 |
191121s2016 gr f |||| 000 j gre d |
| 952 |
|
|
|0 0
|1 0
|2 ddc
|4 0
|6 889_340000000000000_ΤΖΑ
|7 0
|9 366698
|a LISP
|b LISP
|c DON
|d 2022-12-15
|e ΠΑΤ
|i 147968
|l 0
|o 889.34 ΤΖΑ
|p 025000274033
|r 2022-12-15 00:00:00
|t 1
|w 2022-12-15
|y BKN
|
| 999 |
|
|
|c 214279
|d 214279
|
| 020 |
|
|
|a 9786185162108
|
| 040 |
|
|
|a GR-PaULI
|b gre
|c GR-PaULI
|d
|e AACR2
|
| 082 |
0 |
4 |
|a 889.34
|2 23
|
| 100 |
1 |
|
|9 195110
|a Τζαρδή, Μαρία
|e συγγραφέας.
|
| 245 |
1 |
0 |
|a Εξορία είναι η επιστροφή :
|b και άλλα διηγήματα /
|c Μαρία Τζαρδή.
|
| 260 |
|
|
|a Αθήνα :
|b Εύμαρος,
|c 2016.
|
| 300 |
|
|
|a 78 σ. ;
|c 21 εκ.
|
| 942 |
|
|
|2 ddc
|c BK
|
| 998 |
|
|
|c ΜΠΟΥΡΑΣ
|d 2022-12
|